00669 2200241 4500001002100000005001700021008004100038020001800079035002500097082001500122090002400137100001900161245006400180250001000244260003400254300003100288500002800319650002000347850001200367990001600379990001600395990001600411YOGYA-0209000007297720150429112447.0 ind  a602-8097-01-2 a0010-020900000072977 a92(Monroe) aR 92(Monroe)bPra I aPRANAJA, Gozia aIroni sang bintangbbiografi Marilyn ManroecGoozia Pranaja aCet.1 aYogyakartabBio Pustakac2008 aviii,137 hlmbillusc21 cm aBibliografi:hlm 119-121 aMonroe, Marilyn aYOPDYOG a486-PD/P.08 a484-PD/P.08 a485-PD/P.08